00639nam a2200205Ia 4500008004100000020001700041040001400058082001800072100002400090245003400114260003100148300001300179365002800192366000800220505002000228620009500248630003400343650002200377730003400399100315s9999 xx 000 0 und d a817992162X  cENGLISH  b5326 a658  a"Sharma, Robin S. " aThe Monk Who Sold His Ferrari aMumbai bJaico  c2005  a198p.   eRupees d1 b175.00  f0  gTushar Jadhav  a"The Wake Up Call, A Magical Meeting With The Sages of Sivana, Kindling Your Inner Fire " aThe Monk Who Sold His Ferrari aGeneral Reading  aThe Monk Who Sold His Ferrari